| 000 | 00745cam a22002291 4500 | ||
|---|---|---|---|
| 001 | he 67001534 | ||
| 003 | DLC | ||
| 005 | 20260227111448.0 | ||
| 008 | 840529s1966 is 000 0 heb | ||
| 010 | _ahe 67001534 | ||
| 035 | _a(OCoLC)19139594 | ||
| 040 |
_aDLC _cMH _dDLC |
||
| 042 | _apremarc | ||
| 050 | 0 | 0 |
_aDS149 _b.S49716 |
| 100 | 1 |
_aSharett, Moshe, _d1894-1965. |
|
| 245 | 1 | 0 | _aDevarim ʻal ha-Tsiyonut |
| 260 |
_a[Jerusalem] : _b[ha-Hanhalah ha-Tsiyonit ha-ʻolamit] _c[1966] |
||
| 300 |
_a41 p. : _bmounted port. ; _c28 cm. |
||
| 500 | _a"ha-Devarim neʼemru...bi-shene ha-ḳongresim ha-Tsiyoniyim ha-aḥaronim uve-moshav ha-Ṿaʻad ha-Poʻel ha-Tsiyoni bi-Shenat 1963." | ||
| 650 | 0 | _aZionism. | |
| 752 |
_aIsrael _dJerusalem |
||
| 999 |
_c32542 _d32542 |
||